[Event "POL-ch U18 Girls"]
[Site "Wisla"]
[Date "2000.??.??"]
[Round "2"]
[White "Samborska, Marta"]
[Black "Sliczna, Malgorzata"]
[Result "1-0"]
[WhiteElo "2049"]
[BlackElo "1600"]
[PlyCount "85"]
[EventDate "2000.02.26"]
[EventType "swiss"]
[EventRounds "10"]
[EventCountry "POL"]
[SourceTitle "EXT 2005"]
[Source "ChessBase"]
[SourceDate "2004.11.15"]
[SourceVersion "1"]
[SourceVersionDate "2004.11.15"]
[SourceQuality "1"]

1. e4 c5 2. Nf3 Nc6 3. d4 cxd4 4. Nxd4 e5 5. Nb5 a6 6. Nd6+ Bxd6 7. Qxd6 h6 8. Nc3 Nge7 9. Nd5 Nxd5 10. exd5 Qe7 11. Qxe7+ Nxe7 12. c4 0-0 13. Bd3 Rb8 14. f4 f6 15. 0-0 d6 16. fxe5 fxe5 17. Rxf8+ Kxf8 18. Bd2 b5 19. b3 Kg8 20. Ba5 Rb7 21. Rf1 Bd7 22. Bd8 Be8 23. Be4 Bf7 24. c5 dxc5 25. d6 Nd5 26. Rxf7 Rxf7 27. Bxd5 e4 28. Bxf7+ Kxf7 29. Kf2 Ke6 30. Bc7 c4 31. bxc4 bxc4 32. Ke3 c3 33. Ba5 Kxd6 34. Bxc3 Kd5 35. Bxg7 h5 36. Bh8 a5 37. Bg7 a4 38. Bb2 h4 39. Bf6 Ke6 40. Bxh4 Kf5 41. Be7 Ke6 42. Ba3 Kf5 43. Bb2 1-0

[Event "POL-ch U18 Girls"]
[Site "Wisla"]
[Date "2000.??.??"]
[Round "6"]
[White "Sliczna, Malgorzata"]
[Black "Derlacz, Marta"]
[Result "0-1"]
[WhiteElo "1600"]
[BlackElo "1800"]
[PlyCount "152"]
[EventDate "2000.02.26"]
[EventType "swiss"]
[EventRounds "10"]
[EventCountry "POL"]
[SourceTitle "EXT 2005"]
[Source "ChessBase"]
[SourceDate "2004.11.15"]
[SourceVersion "1"]
[SourceVersionDate "2004.11.15"]
[SourceQuality "1"]

1. e4 c5 2. Nc3 Nc6 3. g3 g6 4. Bg2 Bg7 5. d3 d6 6. f4 e6 7. Nf3 Nge7 8. Be3 b6 9. Qd2 Rb8 10. Nd1 Bb7 11. c3 0-0 12. f5 exf5 13. Bh6 fxe4 14. dxe4 Re8 15. 0-0 Qc7 16. Qf4 Rf8 17. Ne3 Ne5 18. Bxg7 Kxg7 19. Nxe5 dxe5 20. Qf6+ Kg8 21. Ng4 h5 22. Nh6+ Kh7 23. Nxf7 Nc6 24. g4 Qe7 25. Qxe7 Nxe7 26. Nxe5 Rbe8 27. Nd7 Rxf1+ 28. Rxf1 Kg7 29. gxh5 gxh5 30. Nf6 Rh8 31. Nd5 Ng6 32. Re1 Re8 33. Nc7 Re7 34. Nb5 Bc6 35. Nd6 Rd7 36. e5 Nxe5 37. Rxe5 Rxd6 38. Bxc6 Rxc6 39. Rxh5 Rd6 40. Rf5 Rd2 41. Rf2 Rd3 42. Kg2 Kg6 43. Rf3 Rd2+ 44. Rf2 Rd3 45. h3 Kg5 46. Rf7 Rd2+ 47. Rf2 Rd3 48. c4 a6 49. b3 b5 50. cxb5 axb5 51. Re2 Rc3 52. Re5+ Kf4 53. Re2 Rg3+ 54. Kh2 Rc3 55. Rf2+ Kg5 56. Rg2+ Kh4 57. Rg4+ Kh5 58. Rf4 Kg5 59. Re4 b4 60. Rc4 Kh5 61. Kg2 Kg5 62. a4 Rxb3 63. Rxc5+ Kh4 64. Rc4+ Kh5 65. a5 Rb2+ 66. Kf3 b3 67. Kg3 Rb1 68. a6 b2 69. Rc5+ Kh6 70. Rc6+ Kh5 71. Rc5+ Kg6 72. Rc6+ Kf5 73. Rc5+ Ke4 74. Rb5 Rg1+ 75. Kh2 b1Q 76. Rxb1 Rxb1 0-1

[Event "POL-ch U18 Girls"]
[Site "Wisla"]
[Date "2000.??.??"]
[Round "8"]
[White "Walczak, Monika"]
[Black "Sliczna, Malgorzata"]
[Result "1-0"]
[WhiteElo "1800"]
[BlackElo "1600"]
[PlyCount "93"]
[EventDate "2000.02.26"]
[EventType "swiss"]
[EventRounds "10"]
[EventCountry "POL"]
[SourceTitle "EXT 2005"]
[Source "ChessBase"]
[SourceDate "2004.11.15"]
[SourceVersion "1"]
[SourceVersionDate "2004.11.15"]
[SourceQuality "1"]

1. e4 c5 2. d3 Nc6 3. g3 g6 4. Bg2 Bg7 5. Ne2 e6 6. Nd2 Nge7 7. 0-0 0-0 8. f4 f5 9. c3 Rb8 10. Nf3 Qb6 11. Kh1 d6 12. h3 h6 13. g4 Qd8 14. Nh2 b5 15. Qe1 Bb7 16. Ng3 a5 17. Qe2 b4 18. Bd2 Ba6 19. Qe3 Qd7 20. Rf2 a4 21. Rc1 Rb6 22. Ne2 Kh7 23. Rg1 a3 24. b3 Rbb8 25. Qg3 Qb7 26. Bf1 Bb5 27. c4 Ba6 28. Be3 Rbd8 29. Nf3 Rg8 30. Qh4 Rdf8 31. Rfg2 Nd4 32. Bxd4 cxd4 33. Ng5+ Kh8 34. Nxe6 fxe4 35. N2xd4 Rf7 36. Nxg7 Rgxg7 37. Kh2 Qd7 38. dxe4 Rxf4 39. Qxh6+ Rh7 40. Qxf4 Bc8 41. Nf3 Ng8 42. Ng5 Re7 43. Rf2 Qe8 44. Rg3 Kg7 45. Rgf3 Rd7 46. Kg1 Bb7 47. Bd3 1-0